书目信息 |
| 书名: | Finnish farming | |
| 作者: | Uuno Varjo | |
| 分册号: | ||
| 分册名: | 出版地: | Budapest : |
|
| 出版社: | Akadémiai Kiadó ; distributed by Kultura | |
| 出版时间: | 1977. | |
| 页数: | 145, [1] p. : | |
| 开本: | 25 cm. | |
| 丛书名: | Geography of world agriculture | |
| 中图分类号: | ||
| 科图分类号: | ||
| 其他分类号: | F319.9 | |
| 主题词: | ||
| 电子资源: | ||
| 000 | 00928nam 2200301 a 4500 | |
| 001 | E0729763246 | |
| 005 | 20070228081619.54 | |
| 008 | uu | |
| 008 | 00010 eng | |
| 010 | @a78310538 | |
| 015 | @aH*** | |
| 020 | @a9630512033. | |
| 043 | @ae-fi--- | |
| 049 | @aN5LA | |
| 050 | 0 | @aS469.F5 @bV375 |
| 082 | @a338.1/09471 | |
| 090 | @a2/F353.1/VU/////////////878597 | |
| 090 | @aF319.9 | |
| 096 | @aF353.1 @v2 | |
| 099 | @dF319.9@ex1:6 | |
| 100 | 10 | @aVarjo, Uuno. |
| 245 | 10 | @aFinnish farming :@btypology and economics / @cUuno Varjo |
| 260 | 0 | @aBudapest :@bAkadémiai Kiadó ; distributed by Kultura,@c1977. |
| 300 | @a145, [1] p. :@bill. ;@c25 cm. | |
| 440 | 0 | @aGeography of world agriculture ; @v6 |
| 504 | @aBibliography: p. 143-[146] | |
| 650 | 0 | @aAgricultural geography @zFinland. @b00 @c20020930 @lNLC09 @h2247 @lNLC09 @h2316 @lNLC09 @h1907 |
| 852 | 9 | @bWWJC @cJ08S @k2 @hF353.1 @iVU |
| Finnish farming : : typology and economics / / Uuno Varjo.-Budapest : : Akadémiai Kiadó ; distributed by Kultura, , 1977. |
| 145, [1] p. : : ill. ; ; 25 cm.- (Geography of world agriculture ; 6 ) |
| Bibliography: p. 143-[146] |
| ISBN 9630512033. |
| ● |
| 相关链接 |
|
|
|
|
正题名:Finnish farming
索取号:F319.9/x1:6
 
预约/预借
| 序号 | 登录号 | 条形码 | 馆藏地/架位号 | 状态 | 备注 |
| 1 | 183255 | 001177489 | 第二样本阅览室/ [索取号:F319.9/x1:6] | 在馆 | |
| 2 | 183256 | 001171190 | 第四借阅区/ [索取号:F319.9/x1:6] | 在馆 | |
| 3 | 183257 | 001171207 | 第四借阅区/ [索取号:F319.9/x1:6] | 在馆 |